[Event "Pereira Fiestas de la Cosecha op"]
[Site "Pereira"]
[Date "2023.08.24"]
[Round "1"]
[White "Carrillo Riano, Karen Sofia"]
[Black "Daza Samboni, Fernando"]
[Result "0-1"]
[WhiteElo "1253"]
[BlackElo "1814"]
[PlyCount "102"]
[EventDate "2023.08.24"]
[EventType "swiss"]
[EventRounds "7"]
[EventCountry "COL"]
[SourceTitle "CBM 216 Extra"]
[Source "ChessBase"]
[SourceDate "2023.11.30"]
[SourceVersion "1"]
[SourceVersionDate "2023.11.30"]
[SourceQuality "1"]

1. e4 e6 2. d4 d5 3. Nc3 Nf6 4. f3 Bb4 5. Bd3 0-0 6. e5 Nh5 7. Be3 f5 8. Nge2 g6 9. g4 fxg4 10. fxg4 Qh4+ 11. Kd2 Ng7 12. Ng3 Bd7 13. a3 Be7 14. Be2 Nc6 15. Kc1 Na5 16. b3 b6 17. Kb2 c5 18. Qg1 Rac8 19. Rf1 cxd4 20. Bxd4 Nc6 21. Na4 Rxf1 22. Nxf1 Qe1 23. Ba6 Rc7 24. Bc3 Qe4 25. Bd3 Qf4 26. Qg3 Qxg3 27. Nxg3 d4 28. Bd2 Nxe5 29. Bf4 Nxd3+ 30. cxd3 Rc8 31. Ka2 Ne8 32. Rc1 Rxc1 33. Bxc1 Bxa4 34. bxa4 Bd6 35. Kb3 Kf7 36. Nf1 e5 37. Kc4 Nc7 38. Ng3 a6 39. Ne4 Be7 40. Ng5+ Bxg5 41. Bxg5 Ke6 42. h3 Nd5 43. Bd8 Kd6 44. Bg5 Kc6 45. h4 Ne3+ 46. Kb3 Nxg4 47. Be7 b5 48. axb5+ axb5 49. Bf8 Nf2 50. Kc2 Kd5 51. Bb4 e4 0-1

[Event "Medellin Flores op 30th"]
[Site "Medellin"]
[Date "2023.08.04"]
[Round "3"]
[White "Daza Samboni, Fernando"]
[Black "Solano Trillos, Thaliana"]
[Result "1-0"]
[WhiteElo "1814"]
[BlackElo "1374"]
[PlyCount "77"]
[EventDate "2023.08.03"]
[EventType "swiss"]
[EventRounds "9"]
[EventCountry "COL"]
[SourceTitle "EXT 2024"]
[Source "ChessBase"]
[SourceDate "2023.10.10"]
[SourceVersion "1"]
[SourceVersionDate "2023.10.10"]
[SourceQuality "1"]

1. d4 d5 2. Bg5 Nf6 3. Nd2 c5 4. Ngf3 Nc6 5. e3 Bg4 6. Be2 e6 7. 0-0 Bd6 8. c3 0-0 9. h3 Bh5 10. Re1 Rc8 11. Nb3 c4 12. Nbd2 e5 13. dxe5 Nxe5 14. Nxe5 Bxe2 15. Rxe2 Bxe5 16. Nf3 Bc7 17. Rd2 Bb6 18. Bxf6 Qxf6 19. Rxd5 Rfd8 20. Rxd8+ Rxd8 21. Qe2 Qc6 22. Rd1 h6 23. Rxd8+ Bxd8 24. Ne5 Qa4 25. Qxc4 Qd1+ 26. Kh2 Qd6 27. Qxf7+ Kh7 28. f4 Bb6 29. Qf5+ Kg8 30. Nc4 Qc6 31. Nxb6 Qxb6 32. Qd5+ Kh8 33. Qd2 Qc7 34. e4 Qa5 35. b4 Qc7 36. e5 Kg8 37. a4 Kf7 38. Qd5+ Ke7 39. c4 1-0

[Event "Bogota El Tablazo op-B"]
[Site "Bogota"]
[Date "2022.06.27"]
[Round "6.12"]
[White "Daza Samboni, Fernando"]
[Black "Sanchez Bustos, Miguel Angel"]
[Result "1/2-1/2"]
[WhiteElo "1856"]
[BlackElo "1721"]
[PlyCount "60"]
[EventDate "2022.06.24"]
[EventType "swiss"]
[EventRounds "7"]
[EventCountry "COL"]
[SourceTitle "EXT 2024"]
[Source "ChessBase"]
[SourceDate "2023.10.10"]
[SourceVersion "1"]
[SourceVersionDate "2023.10.10"]
[SourceQuality "1"]

1. d4 d5 2. Nf3 Nf6 3. Bf4 c5 4. e3 Nc6 5. c3 Bf5 6. Bd3 Bxd3 7. Qxd3 Qb6 8. Qc2 e6 9. 0-0 Be7 10. h3 0-0 11. Nbd2 Rac8 12. Qb3 Qa6 13. Rfe1 b5 14. dxc5 Nd7 15. a4 bxa4 16. Qxa4 Qxa4 17. Rxa4 Nxc5 18. Ra2 Nd3 19. Rea1 Nxf4 20. exf4 Bc5 21. Nb3 Bb6 22. Ra4 Rb8 23. Nc1 Na5 24. Rxa5 Bxa5 25. Rxa5 Rxb2 26. Nd3 Rb7 27. Nd4 Rc8 28. Ra3 g6 29. g3 Kf8 30. Ne5 Rc5 1/2-1/2

[Event "COL-ch Visually impaired"]
[Site "Cartagena"]
[Date "2019.12.07"]
[Round "4.1"]
[White "Daza Samboni, Fernando"]
[Black "Castillo Perez, Jaider Enrique"]
[Result "1/2-1/2"]
[WhiteElo "1898"]
[BlackElo "1790"]
[PlyCount "25"]
[EventDate "2019.12.06"]
[EventType "swiss (rapid)"]
[EventRounds "6"]
[EventCountry "COL"]
[SourceTitle "EXT 2024"]
[Source "ChessBase"]
[SourceDate "2023.10.10"]
[SourceVersion "1"]
[SourceVersionDate "2023.10.10"]
[SourceQuality "1"]

1. d4 d5 2. Nf3 c5 3. e3 Nc6 4. c3 cxd4 5. exd4 e6 6. Bf4 Bd6 7. Bxd6 Qxd6 8. Nbd2 Nf6 9. Bd3 h6 10. 0-0 0-0 11. Re1 b6 12. h3 a5 13. Ne5 1/2-1/2

[Event "COL-ch Visually impaired"]
[Site "Cartagena"]
[Date "2019.12.07"]
[Round "3.1"]
[White "Martinez Quintero, Javier"]
[Black "Daza Samboni, Fernando"]
[Result "0-1"]
[WhiteElo "1767"]
[BlackElo "1898"]
[PlyCount "82"]
[EventDate "2019.12.06"]
[EventType "swiss (rapid)"]
[EventRounds "6"]
[EventCountry "COL"]
[SourceTitle "EXT 2024"]
[Source "ChessBase"]
[SourceDate "2023.10.10"]
[SourceVersion "1"]
[SourceVersionDate "2023.10.10"]
[SourceQuality "1"]

1. d4 d5 2. c4 e6 3. Nf3 c6 4. Nc3 dxc4 5. e4 b5 6. e5 Bb7 7. g3 a6 8. Bg2 c5 9. 0-0 Nd7 10. d5 exd5 11. Nxd5 Nb6 12. Nxb6 Qxb6 13. Re1 Ne7 14. Be3 Nd5 15. Ng5 Nxe3 16. Rxe3 Bxg2 17. Kxg2 Be7 18. Qh5 Bxg5 19. Qxg5 0-0 20. h4 Rae8 21. h5 h6 22. Qf5 Re6 23. g4 Qb7+ 24. Kh2 Qe7 25. g5 Qxg5 26. Qxg5 hxg5 27. Rg1 f6 28. exf6 Rxe3 29. fxe3 gxf6 30. Kg3 Kh7 31. Kg4 Re8 32. Rg3 Re5 33. Rf3 Kg7 34. Rh3 Kh6 35. Kf3 f5 36. Kf2 g4 37. Rh1 Rd5 38. Kg3 Rd2 39. Kf4 Rf2+ 40. Ke5 g3 41. Rg1 g2 0-1

[Event "COL-ch Visually impaired"]
[Site "Cartagena"]
[Date "2019.12.06"]
[Round "2.2"]
[White "Daza Samboni, Fernando"]
[Black "Cuellar, Jose Gabriel"]
[Result "1-0"]
[WhiteElo "1898"]
[BlackElo "1659"]
[PlyCount "160"]
[EventDate "2019.12.06"]
[EventType "swiss (rapid)"]
[EventRounds "6"]
[EventCountry "COL"]
[SourceTitle "EXT 2024"]
[Source "ChessBase"]
[SourceDate "2023.10.10"]
[SourceVersion "1"]
[SourceVersionDate "2023.10.10"]
[SourceQuality "1"]

1. d4 Nf6 2. Bg5 d6 3. Nf3 h6 4. Bh4 Bf5 5. e3 Nbd7 6. c4 c5 7. Nc3 g5 8. Bg3 Bg7 9. Be2 Rc8 10. 0-0 0-0 11. Bd3 Bxd3 12. Qxd3 b6 13. d5 Re8 14. h3 Nf8 15. a4 a5 16. e4 Ng6 17. Rfe1 Nd7 18. Rad1 Nge5 19. Nxe5 Nxe5 20. Qe2 Rf8 21. f4 gxf4 22. Bxf4 Qe8 23. Bd2 f6 24. Rf1 Qg6 25. Rf5 Kh7 26. b3 Rg8 27. Rh5 Rcf8 28. Rf1 Rh8 29. Rf4 Kg8 30. Rfh4 f5 31. exf5 Rxf5 32. Rxf5 Qxf5 33. Qe4 Qxe4 34. Nxe4 Kh7 35. Rf4 Nd3 36. Rf7 Re8 37. Bc3 Ne5 38. Bxe5 dxe5 39. Kf2 Kg6 40. Rf3 Rf8 41. Rxf8 Bxf8 42. Kf3 Bg7 43. g4 Bf6 44. Kg3 Kf7 45. h4 Kg6 46. Kh3 Bg7 47. Kg3 Bf6 48. Nd2 Kf7 49. Nf1 e4 50. Ne3 Be5+ 51. Kf2 Bf6 52. Nf5 Bd4+ 53. Ke2 Bg7 54. Ke3 Bf8 55. Kxe4 e6 56. dxe6+ Kxe6 57. g5 hxg5 58. hxg5 Kf7 59. Nh4 Ke6 60. Nf5 Kf7 61. Kd5 Kg6 62. Nd6 Kxg5 63. Nc8 Kf6 64. Nxb6 Kf7 65. Kc6 Ke8 66. Nd7 Be7 67. Nxc5 Kd8 68. Nb7+ Kc8 69. Nxa5 Kb8 70. Nb7 Ka7 71. c5 Ka8 72. b4 Ka7 73. b5 Ka8 74. a5 Ka7 75. Nd6 Ka8 76. b6 Kb8 77. Nb5 Bd8 78. a6 Bxb6 79. Kxb6 Kc8 80. a7 Kd8 1-0

[Event "COL-ch Visually impaired"]
[Site "Cartagena"]
[Date "2019.12.05"]
[Round "5.7"]
[White "Daza Samboni, Fernando"]
[Black "Castillo, Jesus"]
[Result "1-0"]
[WhiteElo "1884"]
[BlackElo "1630"]
[PlyCount "129"]
[EventDate "2019.12.03"]
[EventType "swiss"]
[EventRounds "6"]
[EventCountry "COL"]
[SourceTitle "EXT 2024"]
[Source "ChessBase"]
[SourceDate "2023.10.10"]
[SourceVersion "1"]
[SourceVersionDate "2023.10.10"]
[SourceQuality "1"]

1. d4 d5 2. Nf3 e6 3. Bf4 Bd6 4. Bg5 Be7 5. Bxe7 Nxe7 6. e3 c6 7. Nbd2 0-0 8. Bd3 Nd7 9. 0-0 Ng6 10. c3 e5 11. Bxg6 fxg6 12. Nxe5 Nxe5 13. dxe5 Qg5 14. Nf3 Qe7 15. Qd4 Bf5 16. Nd2 Qg5 17. f4 Qe7 18. a3 Kh8 19. Rae1 c5 20. Qa4 b6 21. e4 dxe4 22. Nxe4 Rad8 23. Nd6 Bd3 24. Rf3 Rxd6 25. Rd1 Rd7 26. Rfxd3 Rxd3 27. Rxd3 g5 28. Rd7 Qe8 29. Rxa7 Qxa4 30. Rxa4 gxf4 31. Kf2 g5 32. e6 Re8 33. Re4 Kg7 34. Kf3 Kf6 35. e7 Kf5 36. h3 h6 37. Re1 b5 38. b3 h5 39. c4 g4+ 40. hxg4+ hxg4+ 41. Kf2 Kf6 42. cxb5 Rxe7 43. Rxe7 Kxe7 44. a4 Kd6 45. a5 Kc7 46. Ke2 Kb7 47. Kd3 Kc7 48. Ke4 f3 49. Ke3 fxg2 50. Kf2 g1Q+ 51. Kxg1 Kd6 52. Kg2 Kc7 53. Kg3 Kd6 54. Kxg4 Kc7 55. Kf5 Kd6 56. Ke4 Kc7 57. Kd5 Kb7 58. Kxc5 Kc7 59. a6 Kb8 60. b6 Ka8 61. b7+ Kb8 62. Kd6 Ka7 63. Kc7 Kxa6 64. b8Q Ka5 65. Qb6# 1-0

[Event "COL-ch Visually impaired"]
[Site "Cartagena"]
[Date "2019.12.03"]
[Round "2.10"]
[White "Astudillo Escobar, Jose Fernando"]
[Black "Daza Samboni, Fernando"]
[Result "0-1"]
[WhiteElo "1435"]
[BlackElo "1884"]
[PlyCount "50"]
[EventDate "2019.12.03"]
[EventType "swiss"]
[EventRounds "6"]
[EventCountry "COL"]
[SourceTitle "EXT 2024"]
[Source "ChessBase"]
[SourceDate "2023.10.10"]
[SourceVersion "1"]
[SourceVersionDate "2023.10.10"]
[SourceQuality "1"]

1. e4 a6 2. Bc4 b5 3. Bb3 Bb7 4. Qf3 e6 5. Nh3 Nf6 6. d3 h6 7. 0-0 c5 8. Re1 d6 9. a4 Nbd7 10. Bf4 Bc6 11. Bd5 Ne5 12. Bxe5 Nxd5 13. exd5 Bxd5 14. Qg4 dxe5 15. Rxe5 Qf6 16. Qg3 Bd6 17. Qf4 Bxe5 18. Qxf6 gxf6 19. axb5 Rg8 20. g3 Bxb2 21. Ra5 h5 22. Nf4 Bf3 23. Nd2 Bc3 24. Rxa6 Rxa6 25. bxa6 Bxd2 0-1